Výpočtová technika vo vodnom hospodárstve

Dynamika vývoja výpočtovej techniky využívanej v oblasti vodného hospodárstva. Projekty, technické výpočty a rozsiahle programy vodohospodárstva. Súčasná aplikácia výpočtovej techniky. Jednotná báza dát Magic a jej využitie.

Salvato in:
Dettagli Bibliografici
Autore principale: Lichý, J.
Natura: Capitolo di libro
Lingua:slovacco
Soggetti:
Tags: Aggiungi Tag
Nessun Tag, puoi essere il primo ad aggiungerne!!

MARC

LEADER 00000naa a2200000 4500
001 r026209
005 20230925114348.0
041 0 |a slo 
044 |a SK 
245 1 0 |a Výpočtová technika vo vodnom hospodárstve  |c J. Lichý 
520 |a Dynamika vývoja výpočtovej techniky využívanej v oblasti vodného hospodárstva. Projekty, technické výpočty a rozsiahle programy vodohospodárstva. Súčasná aplikácia výpočtovej techniky. Jednotná báza dát Magic a jej využitie. 
610 2 0 |a vodohospodárstvo 
610 2 0 |a technika výpočtová 
610 2 0 |a počítače osobné 
610 2 0 |a voda 
610 2 0 |a projektovanie 
610 2 0 |a voda povrchová 
610 2 0 |a voda podzemná 
610 2 0 |a báza dát 
610 2 0 |a Magic 
100 1 |a Lichý, J.